Marvel Comics Characters - Statistics

General Stats
  • This quiz has been taken 338 times
  • The average score is 50 of 56
Answer Stats
Picture Answer % Correct
Captain America
100%
Hulk
100%
Iron Man
100%
Spider-Man
100%
Thor
100%
Black Widow
99%
Deadpool
99%
Doctor Strange
99%
Wolverine
99%
Ant-Man
98%
Black Panther
98%
Captain Marvel
98%
Hawkeye
98%
Daredevil
97%
She-Hulk
97%
Thanos
97%
Doctor Doom
96%
Wasp
96%
Green Goblin
95%
Loki
95%
Scarlet Witch
95%
Silver Surfer
95%
Magneto
94%
The Thing
94%
Winter Soldier
94%
Ghost Rider
93%
Falcon
92%
Quicksilver
92%
Red Skull
92%
Storm
92%
Human Torch
91%
Punisher
91%
Moon Knight
90%
Mr Fantastic
90%
Ultron
90%
Beast
89%
Galactus
89%
Invisible Woman
89%
Kingpin
89%
Vision
89%
Cyclops
88%
Iron Fist
87%
Jean Grey
87%
Professor X
87%
Luke Cage
86%
Mystique
85%
Gambit
84%
Spider-Woman
80%
Elektra
79%
Nick Fury
79%
Kang
78%
Blade
77%
Black Bolt
73%
Bullseye
72%
Apocalypse
57%
Mandarin
53%
No matching quizzes found
Score Distribution
Percent of People with Each Score
Percentile by Number Answered
Your Score History
You have not taken this quiz